Statistiques concernant Mots de la langue française terminés par "peur"

Cliquez ici pour prendre le quiz!

Statistiques générales

  • Ce quiz a été pris 138 fois
  • Le résultat moyen est 8 sur 24

Statistiques - réponses

IndiceMot% Correct
pompiersapeur
78%
chasseur d'animaux à fourrure du grand nord du continent américaintrappeur
65%
étonnement profondstupeur
62%
escaladeurgrimpeur
61%
léthargietorpeur
61%
malaise passagervapeur
53%
tentecampeur
49%
petit appareil émettant un signal sonorebipeur
47%
cogneurfrappeur
47%
cheval à l'allure la plus rapidegalopeur
45%
défenseur au footballstoppeur
41%
quémandeurtapeur
36%
dîneursoupeur
29%
rançonneurkidnappeur
28%
menteurtrompeur
26%
copieur (familier)pompeur
22%
ouvrier utilisant des ciseaux dans un atelier de couturedecoupeur
20%
voleurchipeur
12%
nettoyeurdecapeur
7%
programmeurdeveloppeur
5%
tricheurdupeur
5%
escroc (familier)estampeur
5%
détecteurpalpeur
4%
ustensile utilisé pour éviter les fausses manœuvresdetrompeur
2%

Distribution des résultats

Percentile par nombre de réponses

% des personnes avec chaque résultat

Votre développement - résultats

Vous n’avez pas pris ce quiz